| 000 | 00456nam a2200169Ia 4500 | ||
|---|---|---|---|
| 003 | GCL | ||
| 005 | 20240530103714.0 | ||
| 008 | 140319s9999 xx 000 0 ara d | ||
| 040 |
_aGCL / _cGCL |
||
| 082 | 0 | 4 |
_a673.25 _bم ح |
| 100 | 1 | _aمحمود فوزى حمد | |
| 245 | 1 | 0 |
_aحسابات الات الورش / _cمحمود فوزى حمد |
| 300 | _a421 ص | ||
| 650 | 0 | 4 | _aالالات |
| 650 | 0 | 4 | _aالالات المعدنية |
| 942 |
_2ddc _cBK |
||
| 999 |
_c41841 _d41841 |
||